Fastperiodische Funktionen
Αποθηκεύτηκε σε:
| Κύριος συγγραφέας: | |
|---|---|
| Μορφή: | Βιβλίο |
| Γλώσσα: | German |
| Δημοσίευση: |
Berlin ; Heidelberg :
Springer-Verlag,
1967
|
| Έκδοση: | 2. korrigierte Auf. |
| Σειρά: | Grundlehren der mathematischen Wissenschaften in Einzeldarstellungen mit besonderer Berucksichtigung der Anwendungsgebiete ;
; 61 |
| Θέματα: | |
| Ετικέτες: |
Προσθήκη ετικέτας
Δεν υπάρχουν, Καταχωρήστε ετικέτα πρώτοι!
|
MARC
| LEADER | 00000nam a2200000 i 4500 | ||
|---|---|---|---|
| 001 | 1/51151 | ||
| 008 | 980818s1967 ger d | ||
| 035 | |l 10044066 | ||
| 040 | |a GR-MY-UA |b gre |e aacr | ||
| 041 | 0 | |a ger | |
| 082 | 0 | |a 515.2433 | |
| 100 | 1 | |a Maak, Wilhelm |d 1912- | |
| 245 | 1 | 0 | |a Fastperiodische Funktionen / |c W. Maak |
| 250 | |a 2. korrigierte Auf. | ||
| 260 | |a Berlin ; Heidelberg : |b Springer-Verlag, |c 1967 | ||
| 300 | |a viii, 240 p.; |c 24 cm. | ||
| 490 | 1 | |a Grundlehren der mathematischen Wissenschaften in Einzeldarstellungen mit besonderer Berucksichtigung der Anwendungsgebiete |v ; 61 | |
| 500 | |a Includes index | ||
| 650 | 0 | 0 | |a Almost periodic functions. |
| 830 | 0 | |a Grundlehren der mathematischen Wissenschaften in Einzeldarstellungen mit besonderer Berucksichtigung der Anwendungsgebiete ; |v ; 61 | |
| 852 | |a INST |b SAMOS |e 19980818 |h 515.2433 MAA |p 005300009645 |q 005300009645 |t BK |y 0 | ||
| 901 | |a BIBL-1998-2 | ||
| 909 | |a Σ |b 041580 | ||
| 922 | |a 3ΕΛΗ |b 199808 |c ΒΙΒΛΙΟΘΗΚΗ |d ΚΩΣΤΑΡΑΚΗΣ | ||